Drucker's lost art of management : (Record no. 60119)

MARC details
000 -LEADER
fixed length control field 01796nam a22003257a 4500
005 - DATE AND TIME OF LATEST TRANSACTION
control field 20120102155647.0
008 - FIXED-LENGTH DATA ELEMENTS--GENERAL INFORMATION
fixed length control field 120102t xxu||||| |||| 00| 0 eng d
010 ## - LCCN (DPL NO)
LC control number ENG-104539
020 ## - INTERNATIONAL STANDARD BOOK NUMBER
International Standard Book Number 97800701321129
Terms of availability 695.00
020 ## - INTERNATIONAL STANDARD BOOK NUMBER
International Standard Book Number 00701321128
Terms of availability 695.00
035 ## - SYSTEM CONTROL NUMBER
System control number EN-88072
037 ## - SOURCE OF ACQUISITION
Source of stock number/acquisition DBAD/PUB
040 ## - CATALOGING SOURCE
Original cataloging agency DPL
Language of cataloging Eng
082 00 - DEWEY DECIMAL CLASSIFICATION NUMBER
Classification number 658
Edition number 22
100 1# - MAIN ENTRY--PERSONAL NAME
Personal name Maciariello, Joseph A.
9 (RLIN) 37822
245 10 - TITLE STATEMENT
Title Drucker's lost art of management :
Remainder of title Peter Drucker's timeless vision for building effective organizations /
Statement of responsibility, etc by Joseph A. Maciariello [and] Karen E. Linkletter
260 ## - PUBLICATION, DISTRIBUTION, ETC. (IMPRINT)
Place of publication, distribution, etc New Delhi
Name of publisher, distributor, etc Tata McGraw-Hill
Date of publication, distribution, etc c2011.
270 ## - ADDRESS
Address 7 West Patel Nagar
City New Delhi
Postal code 110008
300 ## - PHYSICAL DESCRIPTION
Extent viii, 456 p.
Dimensions 24cm(Hb)
500 ## - GENERAL NOTE
General note Includes bibliographical references (p. 409-440) and index.
505 0# - FORMATTED CONTENTS NOTE
Formatted contents note Origins of management as a liberal art in Peter Drucker's writings -- Management and liberal arts traditions : bridging the two worlds -- Contributions of management as a liberal art -- Federalism and the distribution of power and authority -- The human dimension and management as a liberal art -- Effective leadership as a liberal art -- Social ecology and the practice of management as a liberal art -- Applied social ecology : innovation and change for a hopeful and bearable society.
600 10 - SUBJECT ADDED ENTRY--PERSONAL NAME
Personal name Drucker, Peter F.
Fuller form of name (Peter Ferdinand),
Dates associated with a name 1909-2005.
9 (RLIN) 37823
650 #0 - SUBJECT ADDED ENTRY--TOPICAL TERM
Topical term or geographic name as entry element Management.
9 (RLIN) 37824
650 #0 - SUBJECT ADDED ENTRY--TOPICAL TERM
Topical term or geographic name as entry element Social ecology.
9 (RLIN) 37825
650 #0 - SUBJECT ADDED ENTRY--TOPICAL TERM
Topical term or geographic name as entry element Leadership.
9 (RLIN) 37826
700 1# - ADDED ENTRY--PERSONAL NAME
Personal name Linkletter, Karen E.
9 (RLIN) 37827
942 ## - ADDED ENTRY ELEMENTS (KOHA)
Source of classification or shelving scheme Dewey Decimal Classification
Item type English Books
Classification part 658
Call number suffix MAC
Holdings
Withdrawn status Lost status Source of classification or shelving scheme Damaged status Not for loan Collection code Home library Current library Date acquired Source of acquisition Cost, normal purchase price Total Checkouts Full call number Barcode Date last seen Copy number Cost, replacement price Koha item type
    Dewey Decimal Classification   Not For Loan Non-fiction D.B.Act.Division D.B.Act.Division 02/01/2012 DBAD/PUB 695.00   658 MAC EN-88072 02/01/2012 1 695.00 English Books

© Delhi Public Library
Hit Counter
free hit counter